Statistics for Word Scramble - Celebrity

Click here to take the quiz!

General Stats

  • This quiz has been taken 563 times
    (549 since last reset)
  • The average score is 20 of 36

Answer Stats

Scramble Celebrity % Correct
NNAADOMMadonna
96%
MENEMIEminem
92%
NEYWAD NHSOJNODwayne Johnson
82%
LYORAT FTWSITaylor Swift
82%
RDAB TPITBrad Pitt
80%
ZA-JYJay-Z
80%
LIWL MTHISWill Smith
77%
HONYNJ PDEPJohnny Depp
75%
OTM NAKSHTom Hanks
74%
IMK SHNAIDRKAAKim Kardashian
73%
NAYKE STEWKanye West
70%
NEGILNAA IEOLJAngelina Jolie
68%
FINNJEER REWECNALJennifer Lawrence
68%
GRTEI DOSOWTiger Woods
67%
MTO URISECTom Cruise
66%
MORENAC ZIADCameron Diaz
65%
STUNIJ KELABMTIREJustin Timberlake
63%
MNSIO LELWCOSimon Cowell
59%
TRBERO WYNEDO RJRobert Downey Jr
57%
LEANES MEOZGSelena Gomez
57%
LIYEM RSYUCMiley Cyrus
56%
RECUB LISLWIBruce Willis
53%
VLSEYERTS NATLSLNEOSylvester Stallone
42%
ANES NERNOYCSean Connery
39%
DEDIE PRYMUHEddie Murphy
38%
YANR CTRSAESERyan Seacrest
34%
PHRAO NFWYREIOprah Winfrey
33%
REYDABL LASHWBradley Walsh
32%
RCALETST SHANSOONJScarlett Johansson
31%
DARYELB PORECOBradley Cooper
30%
NELIAD FCLIFEDRADaniel Radcliffe
29%
DRONGO MSAYRAGordon Ramsay
28%
DAAM DLERANSAdam Sandler
28%
YETRL REPRYTyler Perry
23%
RLRHELAP MALIILSWPharrell Williams
17%
MDNAAA LDNHOEAmanda Holden
11%

Score Distribution

Percentile by Number Answered

Percent of People with Each Score

Your Score History

You have not taken this quiz since the last reset